المرجع الشامل لإستخدام قاعدة البيانات DBASE III PLUS / (رقم التسجيلة. 25625)

تفاصيل مارك
000 -LEADER
fixed length control field 00691nam a22001817a 4500
005 - DATE AND TIME OF LATEST TRANSACTION
control field 20251108165338.0
008 - FIXED-LENGTH DATA ELEMENTS--GENERAL INFORMATION
fixed length control field 250721s1989 xx 000 0 ara d
082 14 - DEWEY DECIMAL CLASSIFICATION NUMBER
Classification number م/مجد
100 1# - MAIN ENTRY--PERSONAL NAME
Personal name أبو العطا، مجدي محمد
245 10 - TITLE STATEMENT
Title المرجع الشامل لإستخدام قاعدة البيانات DBASE III PLUS /
264 1# - PRODUCTION, PUBLICATION, DISTRIBUTION, MANUFACTURE, AND COPYRIGHT NOTICE
Place of production, publication, distribution, manufacture الدمام :
Name of producer, publisher, distributor, manufacturer مؤسسة جمال الجاسم للإلكترونيات،
Date of production, publication, distribution, manufacture, or copyright notice 1989.
300 ## - PHYSICAL DESCRIPTION
Extent متعدد الترقيم
490 0# - SERIES STATEMENT
Series statement سلسلة علوم الحاسب : مجموعة كتب قواعد البيانات ؛ 3
650 17 - SUBJECT ADDED ENTRY--TOPICAL TERM
Topical term or geographic name as entry element الحواسيب
650 17 - SUBJECT ADDED ENTRY--TOPICAL TERM
Topical term or geographic name as entry element قواعد البيانات
942 ## - ADDED ENTRY ELEMENTS (KOHA)
Source of classification or shelving scheme Dewey Decimal Classification
Koha item type مراجع
المقتنيات
حالة السحب حالة الفقدان مصدر التصنيف حالة التلف غير قابل للإعارة المكتبة الرئيسية المكتبة الحالية موقع الرف تاريخ التزويد الرقم المتسلسل Total Checkouts رقم الإستدعاء الباركود تاريخ آخر ظهور تاريخ الفاتورة نوع المادة (كوها)
    Dewey Decimal Classification   Not For Loan المكتبة المركزية المكتبة المركزية مراجع 06/07/2004 166174   م/مجد DUP-01_166174 28/07/2025 06/07/2004 مراجع
Implemented & Customized by: BBB with SCIT (Smart Chains for Information Technology)

Powered by Koha